Stacje i przystanki kolejowe na linii kolejowej nr 14 - Statystyki

Ogólne statystyki
  • Ten quiz został rozwiązany 13 razy
  • Średni wynik to 27 z 65
Statystyki odpowiedzi
Hint Odpowiedź % Poprawnych
9 Łask
100%
1 Łódź Kaliska
100%
5 Pabianice
100%
11 Zduńska Wola
100%
22 Kalisz
90%
44 Leszno
90%
25 Ostrów Wielkopolski
90%
15 Sieradz
90%
50 Głogów
80%
20 Opatówek
80%
13 Sieradz Męka
80%
17 Błaszki
70%
21 Kalisz Winiary
70%
3 Łódź Lublinek
70%
14 Sieradz Warta
70%
23 Kalisz Szczypiorno
60%
2 Łódź Retkinia
60%
18 Skalmierz
60%
7 Dobroń
50%
33 Kobylin
50%
43 Leszno Grzybowo
50%
4 Pabianice Północne
50%
64 Tuplice
50%
46 Wschowa
50%
29 Biadki
40%
42 Kąkolewo
40%
8 Kolumna
40%
37 Krobia
40%
24 Ociąż
40%
26 Ostrów Wielkopolski Gorzyce
40%
19 Radliczyce
40%
60 Żary
40%
65 Zasieki
40%
6 Chechło
30%
28 Daniszyn
30%
12 Męcka Wola
30%
40 Poniec
30%
47 Stare Drzewce
30%
10 Borszewice
20%
34 Czeluścin
20%
39 Dzięczyn
20%
31 Dzierżanów Wielkopolski
20%
54 Gaworzyce
20%
48 Głogówko
20%
30 Gorzupia
20%
38 Karzec
20%
53 Kłobuczyn
20%
32 Kuklinów
20%
27 Łąkociny
20%
45 Lasocice
20%
52 Nielubia
20%
41 Pawłowice
20%
35 Pępowo
20%
16 Sędzice
20%
58 Szprotawa
20%
63 Tuplice Dębinka
20%
62 Lipinki Łużyckie
10%
56 Niegosławice
10%
55 Przecław Szprotawski
10%
59 Bukowina Bobrzańska
0%
57 Dzikowice
0%
49 Grodziec Mały
0%
61 Sieniawa Żarska
0%
36 Włostowo
0%
51 Żukowice
0%
Nie znaleziono quizów pasujących do podanych kryteriów
Rozkład punktacji
Procent ludzi z każdym wynikiem
Percentyl według liczby udzielonych odpowiedzi
Twoja historia wyników
Nie rozwiązałeś tego quizu